Carregant...

കടൽ ശംഖുകൾ

Dades bibliogràfiques
Autor principal: ഒ എൻ വി
Altres autors: ONV
Format: Printed Book
Publicat: Kottayam DC Books 2013
Matèries:
LEADER 00500nam a22001577a 4500
020 |a 9788126442423 
082 |a M 894.812 1  |b ONV/K 
100 |a ഒ എൻ വി 
245 |a കടൽ ശംഖുകൾ  
260 |a Kottayam  |b DC Books  |c 2013 
300 |a 87p. 
650 |a Kadalsankhukal-poems 
700 |a ONV 
942 |c BK 
999 |c 38741  |d 38741 
952 |0 0  |1 0  |4 0  |6 M_894_812000000000000_1_ONVK  |7 0  |8 Stack  |9 41016  |a KUCL  |b KUCL  |c M  |d 2016-03-18  |g 65.00  |l 0  |o M 894.812 1 ONV/K  |p 36873  |r 2016-03-18  |w 2016-03-18  |y BK